Manual de cuentas corrientes bancarias y cheques

Bewaard in:
Bibliografische gegevens
Hoofdauteur: Prado Puga, Arturo (autor)
Formaat: Boek
Taal:Spaans
Gepubliceerd in: Santiago Jurídica 1996
Onderwerpen:
Tags: Voeg label toe
Geen labels, Wees de eerste die dit record labelt!

MARC

LEADER 00000nam a2200000 a 4500
001 UCT3690
003 CL-VaPUC
008 961024e19960000CL |||||||||||||||||spa|d
082 0 4 |a 346.096  |b PRA  |2 21 
100 |a Prado Puga, Arturo  |e autor  |9 622307 
245 1 0 |a Manual de cuentas corrientes bancarias y cheques 
300 |a 148 p 
942 |c BK 
945 |d 19961024 00:00:00  |a nastorga 
260 |a Santiago  |b Jurídica  |c 1996 
650 7 |a CUENTAS CORRIENTES  |2 CL-VaPUC  |9 255381 
650 0 |a Cheques  |9 254910 
650 0 |a Contratos  |9 255153 
650 0 |a Derecho y legislación   |9 255077 
650 0 |a Documentos negociables  |9 256445 
650 0 |a Delitos económicos   |9 255899 
583 |a last modification  |c 19961024 00:00:00  |k Rodrigo Vera 
999 |c 253247  |d 253245 
952 |0 0  |1 0  |4 0  |6 346_096000000000000_PRA_1996  |7 0  |8 A  |9 273911  |a BIBDER  |b BIBDER  |d 2019-11-19  |i 3245144  |o 346.096 PRA 1996  |p 3245144  |r 2023-01-25  |w 2019-11-19  |y BK  |k DER